New Drugs (Record no. 2889)

MARC details
000 -LEADER
fixed length control field 00363nam a22001337a 4500
008 - FIXED-LENGTH DATA ELEMENTS--GENERAL INFORMATION
fixed length control field 250404b |||||||| |||| 00| 0 eng d
020 ## - INTERNATIONAL STANDARD BOOK NUMBER
ISBN 9780727901907
245 ## - TITLE STATEMENT
Title New Drugs
260 ## - PUBLICATION, DISTRIBUTION, ETC. (IMPRINT)
Place of publication London
Name of publisher Published by the British medical Association
Date of publication 1983
300 ## - COLLATION
Pagination 215p
650 ## - TRACINGS
Main Subject New Drugs on the therapeutic scene
Subdivision (1st) Drugs
942 ## - ADDED ENTRY ELEMENTS (KOHA)
Item type Books
050 ## - LIBRARY OF CONGRESS CALL NUMBER
Classification number RM262
Item number .N49
Holdings
Source of classification or shelving scheme Not for loan Permanent location Current location Date acquired Accession No. Full call number Barcode. Koha item type
Library of Congress Classification   Medical Library Medical Library 04/04/2025 2024/63022 RM262.N49 2025-1229 Books